=LDR 00000nam 2200000 4500 =001 INLIS000000000031637 =005 20130612133710 =008 ***********************************Ind** =035 ##$$0010-061300000031637 =041 ##$$a Ind =082 ##$$a 153.9 =090 ##$$a 153.9, Rub e =100 ##$$a Ruben, Jean Mark =245 ##$$a 49 Langkah mencerdasakan otak, Jean Mark Ruben =260 ##$$a 2009 $b Jakarta =300 ##$$a 246 hlm, 21 cm =650 ##$$a Psikologi =850 ##$$a NBPNMAT